[Event "Well everybody knows that the bird is the word...."]
[Site "SchemingMind.com"]
[Date "2018.09.05"]
[Round "-"]
[White "Phillip Beckett"]
[Black "dvoretsky"]
[Result "0-1"]
[WhiteCountry "ENG"]
[BlackCountry "ENG"]
[WhiteElo "1482"]
[WhiteRD "55"]
[BlackElo "1926"]
[BlackRD "158"]
[GameID "432273"]

1. f4 e5 2. e4 exf4 3. Nf3 g5 4. Bc4 g4 5. O-O gxf3 6. Qxf3 Qf6 7. e5 Qxe5 8. Bxf7+ Kxf7 9. d4 Qf5 10. Bxf4 Nf6
11. Qe3 Bg7 12. Be5 Qg6 13. Qb3+ Ke8 14. Nc3 Kd8 15. Rae1 d6 16. Bxf6+ Bxf6 17. Ne4 Bxd4+ 18. Kh1 Rg8 19. Ng3 Nc6 20. c3 Be5
21. Rf3 Rb8 22. Ref1 Be6 23. Rf8+ Rxf8 24. Rxf8+ Kd7 25. Rf1 Bxb3
0-1

[Event "Well everybody knows that the bird is the word...."]
[Site "SchemingMind.com"]
[Date "2018.09.05"]
[Round "-"]
[White "dvoretsky"]
[Black "Phillip Beckett"]
[Result "1-0"]
[WhiteCountry "ENG"]
[BlackCountry "ENG"]
[WhiteElo "1926"]
[WhiteRD "158"]
[BlackElo "1482"]
[BlackRD "55"]
[GameID "432274"]

1. f4 e5 2. fxe5 d6 3. exd6 Bxd6 4. Nf3 g5 5. g3 g4 6. Nh4 Ne7 7. d4 Ng6 8. Nxg6 hxg6 9. Qd3 Bf5 10. e4 Qe7
11. Nc3 Bd7 12. Bd2 Nc6 13. Nd5 Qf8 14. Bg5 Ne7 15. Bxe7 Bxe7 16. Nxc7+ Kd8 17. Nxa8 Kc8 18. Qc4+ Bc6 19. d5 Bb4+ 20. c3 Kb8
21. dxc6 Kxa8 22. cxb4 bxc6 23. Qxc6+ Kb8 24. Qb5+ Ka8 25. e5 Qc8 26. Bg2+
1-0

[Event "Well everybody knows that the bird is the word...."]
[Site "SchemingMind.com"]
[Date "2018.09.10"]
[Round "-"]
[White "Uzi Mike"]
[Black "dvoretsky"]
[Result "1/2-1/2"]
[WhiteCountry "USA"]
[BlackCountry "ENG"]
[WhiteElo "2090"]
[WhiteRD "94"]
[BlackElo "2380"]
[BlackRD "83"]
[GameID "432275"]

1. f4 e5 2. fxe5 d6 3. Nf3 dxe5 4. Nxe5 Bd6 5. Nf3 Nf6 6. d4 O-O 7. e4 Nxe4 8. Bd3 Nf6 9. O-O c5 10. Nc3 cxd4
11. Ne4 Nxe4 12. Bxe4 Nc6 13. Ng5 h6 14. Qh5 Ne5 15. h3 f6 16. Nf3 Qe8 17. Qh4 f5 18. Bd5+ Be6 19. Qxd4 Rd8 20. Be3 Kh7
21. Nxe5 Bxd5 22. Qxd5 Bc7 23. Qc5 Bxe5 24. Qxa7 Bxb2 25. Rab1 Bc3 26. Rf3 Qe4 27. Qa3 Rc8 28. Bf2 Bd2 29. Qd3 Rfd8 30. Qb5 Rd5
31. Qxb7 Rxc2 32. Qf7 Rc1+ 33. Rxc1 Bxc1 34. Bg3 Be3+ 35. Kh2 f4 36. Bxf4 Rf5 37. Qxf5+ Qxf5 38. Bxe3 Qe6 39. a3 Qc4 40. g4 Qe4
41. Kg2 g5 42. Bd2 Qc2 43. Rf2 Kg6 44. Bb4 Qe4+ 45. Rf3 Qc6 46. Kf2 Qc4 47. Rc3 Qd4+ 48. Ke2 Qe4+ 49. Kd2 Qg2+ 50. Kc1 Kf7
51. Rd3 Ke8 52. Kd1 Qa2 53. Bd2 Qb1+ 54. Ke2 Qb5 55. Bb4 Kf7 56. Kd2 Qc6 57. Ke3 Kg7 58. Kd4=
1/2-1/2

[Event "Well everybody knows that the bird is the word...."]
[Site "SchemingMind.com"]
[Date "2018.09.10"]
[Round "-"]
[White "dvoretsky"]
[Black "Uzi Mike"]
[Result "1-0"]
[WhiteCountry "ENG"]
[BlackCountry "USA"]
[WhiteElo "2334"]
[WhiteRD "84"]
[BlackElo "2093"]
[BlackRD "86"]
[GameID "432276"]

1. f4 e5 2. fxe5 d6 3. exd6 Nf6 4. dxc7 Qxc7 5. Nf3 Bd6 6. Kf2 Nc6 7. e3 O-O 8. Nc3 Qe7 9. Kg1 Bg4 10. d4 Rfd8
11. Bd3 Re8 12. h3 Bh5 13. g4 Bg6 14. Nh4 Rac8 15. Nxg6 fxg6 16. a3 Rf8 17. Bd2 Kh8 18. Qe2 Bg3 19. Kg2 Bh4 20. Rhf1 Rce8
21. Kh1 Bg5 22. Qg2 Qd8 23. Rf3 Qb8 24. Raf1 a6 25. Ne4 Nxe4 26. Rxf8+ Rxf8 27. Rxf8+ Qxf8 28. Qxe4 Be7 29. Be1 Qd8 30. Kg2 Bf6
31. Bg3 Qd7 32. h4 Na7 33. c4 Nc6 34. b4 Na7 35. h5 Nc8 36. hxg6 h6 37. d5 Ne7 38. d6 Nc6 39. c5 Nb8 40. Bc4 b6
41. cxb6 Qc8 42. b7 Qd8 43. Qe6 Nd7 44. Qf7
1-0

[Event "Well everybody knows that the bird is the word...."]
[Site "SchemingMind.com"]
[Date "2018.09.05"]
[Round "-"]
[White "krzysztof"]
[Black "dvoretsky"]
[Result "0-1"]
[WhiteCountry "POL"]
[BlackCountry "ENG"]
[WhiteElo "1600"]
[WhiteRD "168"]
[BlackElo "1926"]
[BlackRD "158"]
[GameID "432277"]

1. f4 e5 2. Nf3 e4 3. Ne5 d6 4. Nc4 d5 5. Nca3 Nc6 6. e3 g5 7. g3 gxf4 8. exf4 Nf6 9. Bg2 Bg4 10. O-O Bxd1
11. Rxd1 Bc5+ 12. Kh1 h5 13. Nc3 h4 14. gxh4 Ng4 15. Rf1 Qxh4 16. h3 Qg3 17. d4 Qh2#
0-1

[Event "Well everybody knows that the bird is the word...."]
[Site "SchemingMind.com"]
[Date "2018.09.05"]
[Round "-"]
[White "dvoretsky"]
[Black "krzysztof"]
[Result "1-0"]
[WhiteCountry "ENG"]
[BlackCountry "POL"]
[WhiteElo "1965"]
[WhiteRD "147"]
[BlackElo "1491"]
[BlackRD "92"]
[GameID "432278"]

1. f4 e5 2. fxe5 Qh4+ 3. g3 Qe4 4. Nf3 d5 5. Nc3 Qc4 6. e4 Qc5 7. Nxd5 Be6 8. d4 Bxd5 9. dxc5 Be6 10. Nd4 Nc6
11. Nxe6 fxe6 12. Bb5 Rd8 13. Bxc6+ bxc6 14. Qg4 Kd7 15. Bg5 Re8 16. Qe2 Bxc5 17. O-O-O+ Kc8 18. Qa6+ Kb8 19. Qxc6 Ne7 20. Qxc5 c6
21. Rd7 Nc8 22. Qxc6 Re7 23. Qb7#
1-0

[Event "Well everybody knows that the bird is the word...."]
[Site "SchemingMind.com"]
[Date "2018.09.06"]
[Round "-"]
[White "flyinduck"]
[Black "dvoretsky"]
[Result "0-1"]
[WhiteCountry "CAN"]
[BlackCountry "ENG"]
[WhiteElo "2024"]
[WhiteRD "53"]
[BlackElo "1926"]
[BlackRD "158"]
[GameID "432279"]

1. f4 e5 2. e4 exf4 3. Nf3 g5 4. Nc3 Nc6 5. g3 Bg7 6. gxf4 g4 7. Ng5 h6 8. Nxf7 Qh4+ 9. Ke2 Nd4+ 10. Kd3 Kxf7
11. Nd5 c6 12. Ne3 d5 13. e5 Ne6 14. Kc3 d4+ 15. Kb3 Qd8
0-1

[Event "Well everybody knows that the bird is the word...."]
[Site "SchemingMind.com"]
[Date "2018.09.06"]
[Round "-"]
[White "dvoretsky"]
[Black "flyinduck"]
[Result "1-0"]
[WhiteCountry "ENG"]
[BlackCountry "CAN"]
[WhiteElo "2060"]
[WhiteRD "126"]
[BlackElo "1993"]
[BlackRD "51"]
[GameID "432280"]

1. f4 e5 2. fxe5 d6 3. exd6 Bxd6 4. Nf3 g5 5. g3 g4 6. Nh4 Ne7 7. d4 Ng6 8. Nxg6 hxg6 9. Qd3 Nc6 10. c3 Bf5
11. e4 Qe7 12. Bg2 O-O-O 13. Be3 Bd7 14. Bf2 f5 15. Nd2 fxe4 16. Bxe4 Qf7 17. Bxg6 Rde8+ 18. Kf1 Qd5 19. Kg1 Ref8 20. Be4 Qh5
21. Re1 Rf6 22. Bg2 Bf5 23. Ne4 Bxe4 24. Rxe4 Rhf8 25. Be3 Ne7 26. c4 Qa5 27. Bd2 Qxa2 28. c5 Nf5 29. cxd6 Nxd6 30. Re2 Qxb2
31. h3 Nf5 32. Bc3 Qb1+ 33. Qxb1
1-0

[Event "Well everybody knows that the bird is the word...."]
[Site "SchemingMind.com"]
[Date "2018.09.05"]
[Round "-"]
[White "jolasebabes"]
[Black "dvoretsky"]
[Result "0-1"]
[WhiteCountry "POR"]
[BlackCountry "ENG"]
[WhiteElo "2141"]
[WhiteRD "70"]
[BlackElo "2246"]
[BlackRD "95"]
[GameID "432281"]

1. f4 e5 2. e4 exf4 3. Nf3 g5 4. d4 g4 5. Ne5 Qh4+ 6. g3 fxg3 7. Qxg4 Qxg4 8. Nxg4 Nc6 9. Be3 d6 10. Be2 h5
11. hxg3 Bg7 12. Nf2 Nxd4 13. Bxd4 Bxd4 14. Nc3 Nf6 15. Nd5 Bxb2 16. Rb1 Nxd5 17. exd5 Bc3+ 18. Kf1 Ke7 19. Rxh5 Rxh5 20. Bxh5 b6
21. Rb3 Be5 22. Re3 Bd7 23. Nd3 Rh8 24. Bf3 f6 25. Kg2 a5 26. Nf4 Rg8 27. c4 Kd8 28. Ne6+ Kc8 29. Be4 Kb8 30. Bf5 c5
31. dxc6 Bxc6+ 32. Kf2 d5 33. cxd5 Bxd5 34. a3 Bc4 35. Rf3 b5 36. Nf4 Ka7 37. Bd3 Rd8 38. Bxc4 bxc4 39. Ne2 Kb6 40. Nc3 Kc6
41. Ke2 Rb8 42. Nd1 Kc5 43. g4 Rb3
0-1

[Event "Well everybody knows that the bird is the word...."]
[Site "SchemingMind.com"]
[Date "2018.09.05"]
[Round "-"]
[White "dvoretsky"]
[Black "jolasebabes"]
[Result "1/2-1/2"]
[WhiteCountry "ENG"]
[BlackCountry "POR"]
[WhiteElo "2060"]
[WhiteRD "126"]
[BlackElo "2185"]
[BlackRD "69"]
[GameID "432282"]

1. f4 e5 2. fxe5 d6 3. exd6 Bxd6 4. Nf3 g5 5. g3 g4 6. Nh4 Ne7 7. d4 Ng6 8. Nc3 Nxh4 9. Qd3 Ng6 10. Bh6 Nc6
11. O-O-O Bd7 12. h4 gxh3 13. Qe3+ Qe7 14. Ne4 O-O-O 15. Bg5 Qe8 16. d5 Be7 17. dxc6 Bxc6 18. Bxh3+ Kb8 19. Rxd8+ Bxd8 20. Bxd8 Qxd8
21. Rd1 Qe7 22. Bf5 h5 23. Qg5 a6 24. Bxg6 Qxg5+ 25. Nxg5 fxg6 26. Rd4 Rf8 27. Rf4 Rxf4 28. gxf4 Kc8 29. Kd2 Kd7 30. e4 Ke7
31. e5 a5 32. Ke3 b6 33. Kf2 Bd5 34. a3 Be6 35. Kg3 Bf5 36. c3 c5 37. Kh4 Bd3=
1/2-1/2